| 000 | 01153cam a2200313 i 4500 | ||
|---|---|---|---|
| 001 | bg | ||
| 003 | KOSZ 005 | ||
| 005 | 20210727115630.0 | ||
| 008 | 970629s1991 pl a f f |000 0 pol | ||
| 015 | _aPB 1991/8087 | ||
| 020 | _a8301054131 | ||
| 020 | _a830109172X | ||
| 040 |
_aWA N _cKOSZ 005/HR _dKOSZ 005/HR |
||
| 080 | _a621.01 | ||
| 080 | _a(07) | ||
| 245 | 0 | 0 |
_aPodstawy konstrukcji maszyn. _nT. 4 / _cpod red. Marka Dietricha ; [aut. Tadeusz Kacperski, Andrzej Krukowski, Włodzimierz Ozimowski]. |
| 260 |
_aWarszawa : _bPańst. Wydaw. Naukowe, _c1991. |
||
| 300 |
_a602, [2] s. : _brys., wykr. ; _c24 cm. |
||
| 504 | _aBibliogr. przy rozdz. | ||
| 580 | _aT. 1 poz. 1672/87, t. 3 poz. 6960/89. | ||
| 650 | 4 |
_aMaszyny _xbudowa i konstrukcje. |
|
| 655 | 4 | _aPodręcznik | |
| 700 | 1 |
_aKrukowski, Andrzej _c(nauki techniczne) |
|
| 700 | 1 |
_aDietrich, Marek _d(1934-2009) _eRedakcja |
|
| 700 | 1 |
_aOzimowski, Włodzimierz _eAutor |
|
| 700 | 1 |
_aKacperski, Tadeusz _d(1928- ) _eAutor |
|
| 856 |
_uhttp://koha.tu.koszalin.pl/cgi-bin/koha/opac-detail.pl?biblionumber=4700 _yKatalog online BPK |
||
| 942 |
_2UKD _cKS |
||
| 999 |
_c4700 _d4700 |
||